[Event "Sherbrooke Perpetuelles 13-26c"]
[Site "Sherbrooke CAN"]
[Date "2005.04.22"]
[Round "2"]
[White "Viens, Nicolas"]
[Black "Straehl, Patrick"]
[Result "1-0"]
[WhiteElo "1348"]
[BlackElo "1211"]
[PlyCount "35"]
[GameId "2160767910968924"]
[EventDate "2005.04.??"]
[EventType "swiss"]
[EventRounds "5"]
[EventCountry "CAN"]
[SourceTitle "EXT 2006"]
[Source "ChessBase"]
[SourceDate "2005.11.24"]
[SourceVersion "1"]
[SourceVersionDate "2005.11.24"]
[SourceQuality "1"]

1. e4 c5 2. Nf3 Nc6 3. d4 cxd4 4. Nxd4 Nxd4 5. Qxd4 e6 6. Nc3 a6 7. Be2 b5 8. a3 Bb7 9. O-O d6 10. Be3 Nf6 11. Rad1 h6 12. e5 Nd5 13. Nxd5 Bxd5 14. exd6 Qxd6 15. Rfe1 Rd8 16. Bf4 Qd7 17. Be5 f6 18. Bh5+ 1-0

[Event "Sherbrooke Perpetuelles 13-26c"]
[Site "Sherbrooke CAN"]
[Date "2005.04.01"]
[Round "4"]
[White "Belzil, Julien"]
[Black "Ben Ali, Amine"]
[Result "1/2-1/2"]
[WhiteElo "1312"]
[BlackElo "1376"]
[PlyCount "85"]
[GameId "2160767910968925"]
[EventDate "2005.04.??"]
[EventType "swiss"]
[EventRounds "5"]
[EventCountry "CAN"]
[SourceTitle "EXT 2006"]
[Source "ChessBase"]
[SourceDate "2005.11.24"]
[SourceVersion "1"]
[SourceVersionDate "2005.11.24"]
[SourceQuality "1"]

1. c4 Nf6 2. d4 d5 3. c5 Nc6 4. Nf3 g6 5. Nc3 Bg7 6. Bg5 Bg4 7. e3 Ne4 8. Rc1 Nxg5 9. Be2 e6 10. Nxg5 Bxe2 11. Nxf7 Bxd1 12. Nxd8 Rxd8 13. Rxd1 a6 14. O-O Ne7 15. Ne2 e5 16. b4 c6 17. f4 e4 18. Ng3 Nf5 19. Nxf5 gxf5 20. Kh1 h5 21. g3 Bf8 22. Rg1 Rd7 23. Rd2 Kd8 24. Kg2 Kc7 25. Kf1 b6 26. h3 Rg8 27. h4 Rdg7 28. Kf2 Be7 29. Rdd1 b5 30. Ra1 Ra8 31. a4 Rgg8 32. a5 Rg4 33. Rg2 Rag8 34. Rag1 Kd7 35. Kf1 Kc8 36. Kf2 Kb7 37. Kf1 Ka7 38. Kf2 Bd8 39. Kf1 Bxa5 40. bxa5 b4 41. Rb2 Rxg3 42. Rxg3 Rxg3 43. Kf2 1/2-1/2

[Event "Sherbrooke Perpetuelles 13-26c"]
[Site "Sherbrooke CAN"]
[Date "2005.04.01"]
[Round "4"]
[White "Germain, Emile"]
[Black "Germain, Benoit"]
[Result "1/2-1/2"]
[WhiteElo "1438"]
[BlackElo "1706"]
[PlyCount "83"]
[GameId "2160767910968926"]
[EventDate "2005.04.??"]
[EventType "swiss"]
[EventRounds "5"]
[EventCountry "CAN"]
[SourceTitle "EXT 2006"]
[Source "ChessBase"]
[SourceDate "2005.11.24"]
[SourceVersion "1"]
[SourceVersionDate "2005.11.24"]
[SourceQuality "1"]

1. e4 e5 2. Nf3 Nc6 3. Bc4 Bc5 4. Nc3 Nf6 5. d3 h6 6. Nd5 d6 7. h3 O-O 8. Nxf6+ Qxf6 9. O-O Qg6 10. Kh2 Qh5 11. Be3 Bg4 12. Kg1 Bxf3 13. Qxf3 Qxf3 14. gxf3 Nd4 15. Bxd4 Bxd4 16. c3 Bb6 17. a4 a5 18. Rfd1 c6 19. d4 Rfd8 20. Kg2 d5 21. exd5 cxd5 22. Bb5 exd4 23. cxd4 Rac8 24. Rd2 Kf8 25. Re1 Bc7 26. Ree2 Bf4 27. Rc2 g5 28. Rc5 Rxc5 29. dxc5 d4 30. Bd3 Rc8 31. Rc2 Rc7 32. Kf1 Be5 33. Rc4 Bf6 34. b3 Be7 35. Rxd4 Bxc5 36. Rd5 b6 37. Kg2 Re7 38. Rf5 Rd7 39. Bc4 Kg7 40. Kg3 f6 41. Rd5 Rxd5 42. Bxd5 1/2-1/2

[Event "Sherbrooke Perpetuelles 13-26c"]
[Site "Sherbrooke CAN"]
[Date "2005.04.01"]
[Round "4"]
[White "Ouellet-Lahaie, Didier"]
[Black "Saziouk, Alexandre"]
[Result "1-0"]
[WhiteElo "1659"]
[BlackElo "1745"]
[PlyCount "75"]
[GameId "2160767910968928"]
[EventDate "2005.04.??"]
[EventType "swiss"]
[EventRounds "5"]
[EventCountry "CAN"]
[SourceTitle "EXT 2006"]
[Source "ChessBase"]
[SourceDate "2005.11.24"]
[SourceVersion "1"]
[SourceVersionDate "2005.11.24"]
[SourceQuality "1"]

1. e4 c5 2. Nc3 d6 3. g3 Nc6 4. Bg2 g6 5. d3 Bg7 6. f4 e6 7. Nf3 Nge7 8. O-O a6 9. Be3 Nd4 10. Rb1 O-O 11. Ne2 Nec6 12. c3 Nxf3+ 13. Bxf3 Bd7 14. g4 Qe7 15. Qd2 Rae8 16. Ng3 Kh8 17. Rbe1 b6 18. f5 Ne5 19. Kh1 Nxf3 20. Rxf3 exf5 21. gxf5 Bc6 22. Bh6 f6 23. Bxg7+ Kxg7 24. Kg1 g5 25. h4 gxh4 26. Nh5+ Kh8 27. Qf4 Rg8+ 28. Kf1 Rg5 29. Qxh4 Reg8 30. Rg3 Qf7 31. Rxg5 Rxg5 32. Nf4 Qg7 33. Kf2 Rg4 34. Qh2 Qg5 35. Kf3 Qxf5 36. Rh1 Rg7 37. Qh4 d5 38. exf5 1-0

[Event "Sherbrooke Perpetuelles 13-26c"]
[Site "Sherbrooke CAN"]
[Date "2005.04.01"]
[Round "4"]
[White "Poirier, Vincent"]
[Black "Viens, Nicolas"]
[Result "1-0"]
[WhiteElo "1478"]
[BlackElo "1348"]
[PlyCount "77"]
[GameId "2160767910968929"]
[EventDate "2005.04.??"]
[EventType "swiss"]
[EventRounds "5"]
[EventCountry "CAN"]
[SourceTitle "EXT 2006"]
[Source "ChessBase"]
[SourceDate "2005.11.24"]
[SourceVersion "1"]
[SourceVersionDate "2005.11.24"]
[SourceQuality "1"]

1. e4 e5 2. Nf3 Nc6 3. d4 exd4 4. Bc4 h6 5. O-O d6 6. Nxd4 Bd7 7. Nc3 Nf6 8. Re1 Be7 9. Nd5 Nxd4 10. Qxd4 O-O 11. Nxe7+ Qxe7 12. Bd2 c5 13. Qd3 Ng4 14. Qg3 Kh7 15. Bc3 g6 16. Bd5 Rab8 17. Rad1 h5 18. Qf4 g5 19. Qf3 Kh6 20. Qg3 Ne5 21. Bd2 h4 22. Qxh4+ Kg6 23. Qg3 f6 24. f4 Nf7 25. fxg5 fxg5 26. Bxf7+ Rxf7 27. Bc3 Rf4 28. e5 Rbf8 29. Rxd6+ Kh7 30. Red1 Bb5 31. Qh3+ Rh4 32. Qe3 Rhf4 33. h3 g4 34. hxg4 Kg8 35. Qh3 Qg5 36. Rf6 R4xf6 37. exf6 Kf7 38. Qh7+ Ke6 39. Qe7# 1-0

[Event "Sherbrooke Perpetuelles 13-26c"]
[Site "Sherbrooke CAN"]
[Date "2005.04.03"]
[Round "4"]
[White "Courchesne, Alain"]
[Black "Straehl, Patrick"]
[Result "0-1"]
[WhiteElo "1084"]
[BlackElo "1211"]
[PlyCount "31"]
[GameId "2160767910968930"]
[EventDate "2005.04.??"]
[EventType "swiss"]
[EventRounds "5"]
[EventCountry "CAN"]
[SourceTitle "EXT 2006"]
[Source "ChessBase"]
[SourceDate "2005.11.24"]
[SourceVersion "1"]
[SourceVersionDate "2005.11.24"]
[SourceQuality "1"]

1. b4 e6 2. a3 c5 3. c3 d5 4. bxc5 Bxc5 5. d4 Bd6 6. f4 Nf6 7. g3 Nc6 8. Bg2 O-O 9. Bf3 b6 10. h4 Ne4 11. Bxe4 dxe4 12. e3 f5 13. Qa4 Bd7 14. Nh3 Be8 15. Qc2 h6 16. Ng5 0-1

[Event "Sherbrooke-op A"]
[Site "Sherbrooke CAN"]
[Date "2005.05.28"]
[Round "2"]
[White "Mercier, Andre"]
[Black "Szalay, Karoly"]
[Result "1-0"]
[WhiteElo "1822"]
[BlackElo "1708"]
[PlyCount "95"]
[GameId "2160767910968117"]
[EventDate "2005.05.27"]
[EventType "swiss"]
[EventRounds "5"]
[EventCountry "CAN"]
[SourceTitle "CBM 106 Extra"]
[Source "ChessBase"]
[SourceDate "2005.07.01"]
[SourceVersion "1"]
[SourceVersionDate "2005.07.01"]
[SourceQuality "1"]

1. d4 d5 2. Nf3 Nf6 3. g3 Bf5 4. Bg2 e6 5. c4 c6 6. Nc3 Nbd7 7. b3 Bb4 8. Bd2 Qa5 9. Nb1 O-O 10. Bxb4 Qxb4+ 11. Qd2 Qxd2+ 12. Nbxd2 Rfe8 13. Nh4 Rac8 14. Nxf5 exf5 15. e3 c5 16. dxc5 Nxc5 17. cxd5 Rcd8 18. O-O Nxd5 19. Nf3 Ne4 20. Nd4 g6 21. Rfd1 Ndc3 22. Rd3 Ne2+ 23. Kf1 Nxd4 24. Rxd4 Nd2+ 25. Kg1 Rxd4 26. exd4 Rd8 27. Bxb7 Rxd4 28. Rc1 Rd7 29. Rc8+ Kg7 30. Bc6 Re7 31. Rd8 Ne4 32. b4 Rc7 33. b5 Nc5 34. Rd4 Kf6 35. a4 Ke6 36. Rb4 Kd6 37. Rd4+ Ke6 38. f4 f6 39. Kf2 a6 40. Bd5+ Ke7 41. b6 Rd7 42. a5 Nb7 43. Bxb7 Rxd4 44. Bxa6 Ra4 45. Bc4 Kd8 46. a6 Kc8 47. a7 Ra5 48. Bd5 1-0

[Event "Sherbrooke-op A"]
[Site "Sherbrooke CAN"]
[Date "2005.05.28"]
[Round "3"]
[White "Szalay, Karoly"]
[Black "Pelletier, Jean"]
[Result "1-0"]
[WhiteElo "1708"]
[BlackElo "1655"]
[PlyCount "79"]
[GameId "2160767910968120"]
[EventDate "2005.05.27"]
[EventType "swiss"]
[EventRounds "5"]
[EventCountry "CAN"]
[SourceTitle "CBM 106 Extra"]
[Source "ChessBase"]
[SourceDate "2005.07.01"]
[SourceVersion "1"]
[SourceVersionDate "2005.07.01"]
[SourceQuality "1"]

1. e4 c5 2. Nf3 Nc6 3. d4 cxd4 4. Nxd4 Nf6 5. Nc3 d6 6. f3 g6 7. Be3 Bg7 8. Qd2 Bd7 9. O-O-O O-O 10. g4 Nxd4 11. Bxd4 Be6 12. h4 Nd7 13. Bxg7 Kxg7 14. h5 Rh8 15. Nd5 Bxd5 16. Qxd5 Qc7 17. Qd4+ f6 18. g5 Qc5 19. Qxc5 Nxc5 20. h6+ Kf7 21. Bc4+ e6 22. Rxd6 Rad8 23. Rhd1 Rxd6 24. Rxd6 Re8 25. b4 Na6 26. Bxa6 bxa6 27. Rxa6 Re7 28. f4 fxg5 29. fxg5 Ke8 30. e5 Kd8 31. c4 Kc8 32. c5 Kb7 33. Rd6 Kc7 34. Kb2 Kb7 35. a4 Kc7 36. Kb3 Kb7 37. b5 Kc7 38. a5 Rf7 39. Rxe6 Rf3+ 40. Kc4 1-0

[Event "Sherbrooke-op A"]
[Site "Sherbrooke CAN"]
[Date "2005.05.29"]
[Round "4"]
[White "Forget, David"]
[Black "Mercier, Andre"]
[Result "0-1"]
[WhiteElo "1841"]
[BlackElo "1822"]
[PlyCount "94"]
[GameId "2160767910968123"]
[EventDate "2005.05.27"]
[EventType "swiss"]
[EventRounds "5"]
[EventCountry "CAN"]
[SourceTitle "CBM 106 Extra"]
[Source "ChessBase"]
[SourceDate "2005.07.01"]
[SourceVersion "1"]
[SourceVersionDate "2005.07.01"]
[SourceQuality "1"]

1. d4 c5 2. d5 e5 3. d6 Qb6 4. Nc3 Qxd6 5. Qxd6 Bxd6 6. Nb5 Ke7 7. Bg5+ f6 8. O-O-O fxg5 9. Nxd6 Nc6 10. Nf3 h6 11. Nxc8+ Rxc8 12. e3 Nf6 13. Bc4 Rhd8 14. Rd2 Ne4 15. Re2 Nf6 16. Rd1 e4 17. Nd2 d5 18. Bb3 c4 19. Ba4 Ne5 20. f4 Nd3+ 21. Kb1 Nc5 22. fxg5 hxg5 23. b3 c3 24. Nf1 a6 25. Ng3 g6 26. Rf1 b5 27. Bxb5 axb5 28. Ref2 Rf8 29. Ne2 b4 30. a4 Ng4 31. Rxf8 Rxf8 32. Rxf8 Kxf8 33. Nd4 Nxe3 34. Nc6 Na6 35. g3 Ng4 36. h3 Nf2 37. Ne5 Nxh3 38. Nxg6+ Kg7 39. Ne7 d4 40. Nf5+ Kf6 41. Nxd4 Nf2 42. Kc1 e3 43. a5 g4 44. Ne2 Ke5 45. Kb1 Ke4 46. Ng1 e2 47. Nxe2 Kf3 0-1

[Event "Sherbrooke-op A"]
[Site "Sherbrooke CAN"]
[Date "2005.05.29"]
[Round "4"]
[White "Pelletier, Jean"]
[Black "Beaudry, Marc-Andre"]
[Result "1-0"]
[WhiteElo "1655"]
[BlackElo "1411"]
[PlyCount "74"]
[GameId "2160767910968124"]
[EventDate "2005.05.27"]
[EventType "swiss"]
[EventRounds "5"]
[EventCountry "CAN"]

1. b3 e5 2. Bb2 d6 3. e3 Nf6 4. Nc3 Be7 5. Nf3 Bg4 6. h3 Bh5 7. g4 Bg6 8. Bg2 c6 9. Nh4 Na6 10. Nxg6 fxg6 11. Qe2 O-O 12. O-O-O d5 13. h4 Qa5 14. g5 Nh5 15. Kb1 Ba3 16. Rdf1 Bxb2 17. Kxb2 b5 18. Nxd5 Kh8 19. Nc3 Rac8 20. Bh3 Rcd8 21. Bg4 Nc5 22. d3 Qb6 23. Bxh5 gxh5 24. Qxh5 g6 25. Qg4 a5 26. h5 Rd6 27. hxg6 Rxg6 28. d4 Na4+ 29. Nxa4 bxa4 30. dxe5 axb3 31. axb3 Qd8 32. f4 a4 33. Qd1 Qb6 34. Qd4 c5 35. Qxa4 Qb7 36. Rd1 Ra8 37. Qd7 Qb4 1-0

[Event "Sherbrooke-op A"]
[Site "Sherbrooke CAN"]
[Date "2005.05.29"]
[Round "5"]
[White "Beaudry, Marc-Andre"]
[Black "Mercier, Andre"]
[Result "0-1"]
[WhiteElo "1411"]
[BlackElo "1822"]
[PlyCount "58"]
[GameId "2160767910968125"]
[EventDate "2005.05.27"]
[EventType "swiss"]
[EventRounds "5"]
[EventCountry "CAN"]

1. e4 d5 2. exd5 Qxd5 3. Nc3 Qa5 4. d3 Nf6 5. Bd2 c6 6. Be2 Bf5 7. Nf3 Nbd7 8. O-O e6 9. Ne4 Qc7 10. Nxf6+ Nxf6 11. Nh4 Bg6 12. b4 Be7 13. Nxg6 hxg6 14. g3 Rd8 15. c4 Nd7 16. Rb1 Bf6 17. Qc2 Rh7 18. Rfe1 Ke7 19. Bf4 Be5 20. Bxe5 Nxe5 21. Kg2 b6 22. Rbd1 c5 23. bxc5 Qc6+ 24. f3 Ng4 25. Qd2 Rxh2+ 26. Kg1 Rdh8 27. Qg5+ Nf6 28. d4 Rxe2 29. Rxe2 Qxf3 0-1

[Event "Sherbrooke-op A"]
[Site "Sherbrooke CAN"]
[Date "2005.05.29"]
[Round "5"]
[White "Pelletier, Jean"]
[Black "Forget, David"]
[Result "0-1"]
[WhiteElo "1655"]
[BlackElo "1841"]
[PlyCount "138"]
[GameId "2160767910968126"]
[EventDate "2005.05.27"]
[EventType "swiss"]
[EventRounds "5"]
[EventCountry "CAN"]
[SourceTitle "CBM 106 Extra"]
[Source "ChessBase"]
[SourceDate "2005.07.01"]
[SourceVersion "1"]
[SourceVersionDate "2005.07.01"]
[SourceQuality "1"]

1. b3 e5 2. Bb2 d6 3. e3 Nf6 4. Nc3 g6 5. d4 exd4 6. Qxd4 Bg7 7. O-O-O Nc6 8. Qd2 Bf5 9. Bb5 O-O 10. Bxc6 bxc6 11. f3 a5 12. Na4 c5 13. Ne2 Bd7 14. Nec3 c4 15. h4 cxb3 16. axb3 Qb8 17. g4 Be6 18. e4 Nd7 19. g5 Nb6 20. Nxb6 Qxb6 21. Nd5 Bxb2+ 22. Kxb2 Bxd5 23. Qxd5 a4 24. Qd4 Qb5 25. Qc4 Qe5+ 26. Qd4 Qf4 27. Qf6 Qxf6+ 28. gxf6 axb3 29. cxb3 Rfe8 30. h5 Re6 31. hxg6 fxg6 32. f7+ Kg7 33. Ra1 Rxa1 34. Kxa1 h5 35. f8=Q+ Kxf8 36. Kb2 Kf7 37. Kc3 Kf6 38. Kd4 Re5 39. f4 Rb5 40. Rb1 h4 41. Kc4 Rh5 42. Kd4 h3 43. Ke3 h2 44. Rh1 g5 45. fxg5+ Kxg5 46. Kf3 Rh3+ 47. Kg2 Rh8 48. Kf3 Kf6 49. b4 Ke5 50. Kg2 Kxe4 51. Re1+ Kd4 52. Rd1+ Kc4 53. Rc1+ Kxb4 54. Rb1+ Kc3 55. Rc1+ Kd2 56. Rh1 c5 57. Rxh2 Rxh2+ 58. Kxh2 c4 59. Kg3 c3 60. Kf4 c2 61. Ke4 c1=Q 62. Kd5 Qc5+ 63. Ke6 Ke3 64. Kd7 d5 65. Ke6 Ke4 66. Kf6 Qd6+ 67. Kf7 Kf5 68. Ke8 Qc7 69. Kf8 Kf6 0-1

[Event "Sherbrooke-op B"]
[Site "Sherbrooke CAN"]
[Date "2005.05.27"]
[Round "1"]
[White "Furger, Joseph"]
[Black "Poirier, Vincent"]
[Result "0-1"]
[WhiteElo "1281"]
[BlackElo "1492"]
[PlyCount "134"]
[GameId "2160767910968128"]
[EventDate "2005.05.27"]
[EventType "swiss"]
[EventRounds "5"]
[EventCountry "CAN"]
[SourceTitle "CBM 106 Extra"]
[Source "ChessBase"]
[SourceDate "2005.07.01"]
[SourceVersion "1"]
[SourceVersionDate "2005.07.01"]
[SourceQuality "1"]

1. f4 c5 2. Nf3 Nf6 3. e3 e6 4. a3 Be7 5. Be2 O-O 6. O-O d5 7. b3 Re8 8. Bb2 Nc6 9. Ne5 Qc7 10. d3 b5 11. Nd2 Bb7 12. Bf3 Rad8 13. Qe1 Qb6 14. Rb1 Nxe5 15. fxe5 Nd7 16. d4 Rc8 17. c3 Bg5 18. Kh1 Qc7 19. h4 Be7 20. Qg3 Qd8 21. h5 Bg5 22. Bg4 Bh6 23. Rbe1 cxd4 24. cxd4 Rc2 25. Bc1 Qg5 26. Nf3 Qd8 27. Ng1 Rc3 28. b4 Nb6 29. Rf3 Nc4 30. Ref1 Re7 31. Qf2 Qd7 32. Ne2 Rc2 33. Qe1 Ra2 34. Qc3 Rxe2 35. Qd3 Ra2 36. Qb3 Ra1 37. Qc3 Rb1 38. Rg3 Qc7 39. Rgf3 Bc8 40. Qc2 Nxa3 41. Qxc7 Rxc7 42. Bxa3 Rxf1+ 43. Rxf1 Bxe3 44. Rd1 Rc4 45. Be2 Rxd4 46. Bf3 Rxd1+ 47. Bxd1 Bd4 48. Be2 a6 49. g4 h6 50. Kg2 Bxe5 51. Kf3 Kf8 52. Bd3 Bc3 53. Kf4 e5+ 54. Kg3 e4 55. Be2 d4 56. Kh4 d3 57. Bf1 d2 58. Be2 Be6 59. Bd1 e3 60. Kg3 Bb3 61. Bxb3 e2 62. g5 e1=Q+ 63. Kf4 hxg5+ 64. Kg4 d1=Q+ 65. Bxd1 Qxd1+ 66. Kxg5 Qf3 67. h6 Bf6# 0-1

[Event "Sherbrooke-op B"]
[Site "Sherbrooke CAN"]
[Date "2005.05.27"]
[Round "1"]
[White "Lemieux, Benoit"]
[Black "Germain, Benoit"]
[Result "1/2-1/2"]
[WhiteElo "1611"]
[BlackElo "1756"]
[PlyCount "116"]
[GameId "2160767910968130"]
[EventDate "2005.05.27"]
[EventType "swiss"]
[EventRounds "5"]
[EventCountry "CAN"]
[SourceTitle "CBM 106 Extra"]
[Source "ChessBase"]
[SourceDate "2005.07.01"]
[SourceVersion "1"]
[SourceVersionDate "2005.07.01"]
[SourceQuality "1"]

1. e4 e5 2. Nf3 Nc6 3. Bc4 Nf6 4. Ng5 d5 5. exd5 Nxd5 6. Nxf7 Kxf7 7. Qf3+ Qf6 8. Bxd5+ Ke8 9. Bxc6+ bxc6 10. Qe3 Bd6 11. Nc3 Bf5 12. d3 Kd7 13. Ne4 Qg6 14. O-O Rhe8 15. Re1 h5 16. Qg5 Rab8 17. Qxg6 Bxg6 18. b3 a5 19. Be3 Kc8 20. c3 Be7 21. f3 Bd6 22. Bf2 Ba3 23. Re2 Kb7 24. d4 exd4 25. Bxd4 Bf8 26. Rae1 Rbd8 27. Nc5+ Bxc5 28. Bxc5 Rxe2 29. Rxe2 Rd1+ 30. Kf2 Bb1 31. a3 Rd5 32. Bd4 g6 33. Re5 Bc2 34. b4 a4 35. Ke3 Rd7 36. h4 Rh7 37. Kf4 Kc8 38. Re8+ Kd7 39. Rf8 Ke6 40. c4 Bd3 41. Rf6+ Kd7 42. Kg5 Bf5 43. Bc5 Bd3 44. b5 cxb5 45. cxb5 Bxb5 46. Rxg6 Bd3 47. Rg8 Kc6 48. Bb4 Be2 49. f4 Rf7 50. f5 Bg4 51. f6 Kd5 52. Rg7 Ke6 53. Be7 Rxg7+ 54. fxg7 Kf7 55. Kh6 Kg8 56. g3 Bd1 57. Bf8 c6 58. Kg5 Bg4 1/2-1/2

[Event "Sherbrooke-op B"]
[Site "Sherbrooke CAN"]
[Date "2005.05.27"]
[Round "1"]
[White "Paquette, Benoit"]
[Black "Courteau, Bernard"]
[Result "0-1"]
[WhiteElo "1570"]
[BlackElo "1667"]
[PlyCount "46"]
[GameId "2160767910968131"]
[EventDate "2005.05.27"]
[EventType "swiss"]
[EventRounds "5"]
[EventCountry "CAN"]
[SourceTitle "CBM 106 Extra"]
[Source "ChessBase"]
[SourceDate "2005.07.01"]
[SourceVersion "1"]
[SourceVersionDate "2005.07.01"]
[SourceQuality "1"]

1. e4 d6 2. d4 Nf6 3. Nc3 g6 4. Be2 Bg7 5. Be3 c6 6. Qd2 b5 7. a3 Nbd7 8. f3 Nb6 9. b3 O-O 10. Bh6 a6 11. Rd1 Qc7 12. Bxg7 Kxg7 13. g4 h5 14. g5 Nfd7 15. f4 e5 16. f5 f6 17. gxf6+ Nxf6 18. Qg5 Qf7 19. dxe5 dxe5 20. Rd6 Rh8 21. Nf3 Nbd7 22. Rg1 Rh6 23. Nh4 Nf8 0-1

[Event "Sherbrooke-op B"]
[Site "Sherbrooke CAN"]
[Date "2005.05.27"]
[Round "1"]
[White "Pilon, Robert"]
[Black "Lemelin, Marc"]
[Result "1/2-1/2"]
[WhiteElo "1480"]
[BlackElo "1655"]
[PlyCount "104"]
[GameId "2160767910968132"]
[EventDate "2005.05.27"]
[EventType "swiss"]
[EventRounds "5"]
[EventCountry "CAN"]
[SourceTitle "CBM 106 Extra"]
[Source "ChessBase"]
[SourceDate "2005.07.01"]
[SourceVersion "1"]
[SourceVersionDate "2005.07.01"]
[SourceQuality "1"]

1. d4 d5 2. c4 c6 3. a4 Nf6 4. Nc3 dxc4 5. e4 Be6 6. Nf3 g6 7. Be3 Bg7 8. Nd2 Qa5 9. Be2 O-O 10. O-O Rd8 11. Qc2 Na6 12. Nxc4 Bxc4 13. Bxc4 e6 14. Qe2 c5 15. Rfd1 cxd4 16. Bxd4 Nb4 17. Rd2 Nc6 18. Be3 a6 19. Rad1 Ne8 20. Rxd8 Rxd8 21. Rxd8 Qxd8 22. Qd2 Nd4 23. Ne2 Nxe2+ 24. Qxe2 Qc7 25. b3 Nd6 26. Bd3 Qc3 27. Qc2 Nxe4 28. g3 Qxc2 29. Bxc2 Nc3 30. Kf1 Kf8 31. Ke1 Ke7 32. Kd2 Kd6 33. Bd3 b5 34. h4 h5 35. Bf1 bxa4 36. bxa4 Nxa4 37. Bxa6 Nc5 38. Bb5 Nd7 39. Kd3 e5 40. Bc4 f5 41. Bf7 e4+ 42. Ke2 Ne5 43. Bf4 Ke7 44. Bd5 Nf3 45. Bc1 Bd4 46. Ba3+ Kf6 47. Bc1 Ng1+ 48. Kf1 Nh3 49. Be3 Bxe3 50. fxe3 g5 51. Kg2 g4 52. Bc6 Kg7 1/2-1/2

[Event "Sherbrooke-op B"]
[Site "Sherbrooke CAN"]
[Date "2005.05.27"]
[Round "1"]
[White "Pilotte, Benoit"]
[Black "Jette, Stephane"]
[Result "1-0"]
[WhiteElo "1715"]
[BlackElo "1600"]
[PlyCount "35"]
[GameId "2160767910968133"]
[EventDate "2005.05.27"]
[EventType "swiss"]
[EventRounds "5"]
[EventCountry "CAN"]
[SourceTitle "CBM 106 Extra"]
[Source "ChessBase"]
[SourceDate "2005.07.01"]
[SourceVersion "1"]
[SourceVersionDate "2005.07.01"]
[SourceQuality "1"]

1. e4 e6 2. d4 d5 3. Nc3 dxe4 4. f3 exf3 5. Nxf3 Nf6 6. Bc4 Be7 7. O-O O-O 8. Bg5 Nbd7 9. Qe1 Nb6 10. Bd3 Re8 11. Qh4 g6 12. Nb5 c6 13. Ne5 Rf8 14. Rxf6 Nd5 15. Ng4 cxb5 16. Raf1 Nxf6 17. Nxf6+ Bxf6 18. Bxf6 1-0

[Event "Sherbrooke-op B"]
[Site "Sherbrooke CAN"]
[Date "2005.05.27"]
[Round "1"]
[White "Vallieres, David"]
[Black "Bourassa, Samuel"]
[Result "0-1"]
[WhiteElo "1598"]
[BlackElo "1706"]
[PlyCount "48"]
[GameId "2160767910968134"]
[EventDate "2005.05.27"]
[EventType "swiss"]
[EventRounds "5"]
[EventCountry "CAN"]
[SourceTitle "CBM 106 Extra"]
[Source "ChessBase"]
[SourceDate "2005.07.01"]
[SourceVersion "1"]
[SourceVersionDate "2005.07.01"]
[SourceQuality "1"]

1. e4 g6 2. d4 Bg7 3. Nc3 d6 4. f3 Nf6 5. Be3 c6 6. Qd2 b5 7. Bd3 Nbd7 8. h4 h5 9. Nh3 Nb6 10. Nf2 Qc7 11. a3 Nc4 12. Bxc4 bxc4 13. Qe2 Be6 14. O-O-O Qb7 15. Kb1 Rb8 16. Bc1 Bh6 17. Na4 Qb5 18. Nc3 Qb6 19. Na4 Qa5 20. Bxh6 Qxa4 21. Bc1 Qxa3 22. Qe3 c3 23. b3 Rxb3+ 24. cxb3 Qxb3+ 0-1

[Event "Sherbrooke-op B"]
[Site "Sherbrooke CAN"]
[Date "2005.05.28"]
[Round "2"]
[White "Arseneault, Marc"]
[Black "Lemelin, Marc"]
[Result "1/2-1/2"]
[WhiteElo "1618"]
[BlackElo "1655"]
[PlyCount "78"]
[GameId "2160767910968135"]
[EventDate "2005.05.27"]
[EventType "swiss"]
[EventRounds "5"]
[EventCountry "CAN"]
[SourceTitle "CBM 106 Extra"]
[Source "ChessBase"]
[SourceDate "2005.07.01"]
[SourceVersion "1"]
[SourceVersionDate "2005.07.01"]
[SourceQuality "1"]

1. Nf3 d5 2. d4 Nf6 3. c4 c6 4. Nc3 dxc4 5. a4 Bf5 6. Bg5 Nbd7 7. e3 e6 8. e4 Bg4 9. Bxc4 Qa5 10. Bd2 Bb4 11. e5 Nd5 12. Ne4 O-O 13. Nd6 Rab8 14. Qc2 Bxf3 15. gxf3 Nf4 16. Rg1 Nb6 17. Bb3 Bxd2+ 18. Qxd2 Qxd2+ 19. Kxd2 Nbd5 20. h4 f6 21. exf6 Rxf6 22. Ne4 Rh6 23. Rg4 Rd8 24. Re1 b6 25. Ng5 Rd6 26. Re4 Rf6 27. Bxd5 Nxd5 28. Re5 h5 29. Rge4 Nf4 30. Kc3 Ng6 31. b4 Nf4 32. Kc4 a6 33. a5 b5+ 34. Kc5 Rd5+ 35. Kxc6 Nd3 36. Rxd5 exd5+ 37. Kxd5 Nxb4+ 38. Kc5 Nd3+ 39. Kd5 Nb4+ 1/2-1/2

[Event "Sherbrooke-op B"]
[Site "Sherbrooke CAN"]
[Date "2005.05.28"]
[Round "2"]
[White "Duplessis, Jean-Roch"]
[Black "Pilon, Robert"]
[Result "1-0"]
[WhiteElo "1644"]
[BlackElo "1480"]
[PlyCount "39"]
[GameId "2160767910968137"]
[EventDate "2005.05.27"]
[EventType "swiss"]
[EventRounds "5"]
[EventCountry "CAN"]
[SourceTitle "CBM 106 Extra"]
[Source "ChessBase"]
[SourceDate "2005.07.01"]
[SourceVersion "1"]
[SourceVersionDate "2005.07.01"]
[SourceQuality "1"]

1. e4 e6 2. d4 d5 3. Nc3 Bb4 4. Nge2 dxe4 5. a3 Bxc3+ 6. Nxc3 b6 7. Nxe4 Bb7 8. Bb5+ Nd7 9. Qg4 Bxe4 10. Qxe4 Ngf6 11. Bxd7+ Nxd7 12. Bg5 Qc8 13. O-O O-O 14. f4 Qe8 15. Rfe1 h6 16. Bh4 Kh8 17. f5 exf5 18. Qxf5 Qc8 19. Re7 f6 20. Qxd7 1-0

[Event "Sherbrooke-op B"]
[Site "Sherbrooke CAN"]
[Date "2005.05.28"]
[Round "2"]
[White "Germain, Benoit"]
[Black "Furger, Joseph"]
[Result "1-0"]
[WhiteElo "1756"]
[BlackElo "1281"]
[PlyCount "70"]
[GameId "2160767910968138"]
[EventDate "2005.05.27"]
[EventType "swiss"]
[EventRounds "5"]
[EventCountry "CAN"]
[SourceTitle "CBM 106 Extra"]
[Source "ChessBase"]
[SourceDate "2005.07.01"]
[SourceVersion "1"]
[SourceVersionDate "2005.07.01"]
[SourceQuality "1"]

1. e4 c5 2. Nf3 Nc6 3. d4 cxd4 4. Nxd4 h6 5. Nc3 e5 6. Ndb5 a6 7. Nd6+ Bxd6 8. Qxd6 Nge7 9. Be3 O-O 10. O-O-O Re8 11. g3 Qa5 12. Bc4 Qb4 13. Qxb4 Nxb4 14. Bb6 Nbc6 15. Rd6 Kh8 16. Bxf7 Rf8 17. Bh5 Nd4 18. f4 exf4 19. Bxd4 fxg3 20. hxg3 Nc6 21. Rxh6+ Kg8 22. Rd6 Nxd4 23. Rxd4 b5 24. Nd5 g5 25. Ne7+ Kg7 26. Nf5+ Kf6 27. Rhd1 Ra7 28. Nd6 Bb7 29. Nxb7 Rxb7 30. Rxd7 Rxd7 31. Rxd7 Ke5 32. Bg6 Rf2 33. Rd5+ Ke6 34. Rxg5 b4 35. Ra5 Rg2 1-0